000 00829nam a2200253Ia 4500
003 OSt
005 20220923212013.0
006 a|||||r|||| 00| 0
007 ta
008 220922b |||||||| |||| 00| 0 hin d
024 _a149,715
037 _cTextual
040 _aARTS
_cARTS
_bhin
041 _2hin
_ahin
082 _aW,8, 152L5
100 _aवेदालंकार, प्रशान्त कुमार
_9161866
245 0 _aराज्य व्यवस्था
246 _aRājya vyavasthā
260 _aदिल्ली
_b सुबोध प्रकाशन
_c1975
300 _a119p.
_ccm.
650 _aअर्थशास्त्र
942 _hW,8, 152L5
_cTEXL
_2CC
999 _c305395
_d305395